MDQL
is popping MORE tags! Check the
thread
!
Quizzes
Events
Quiz Creation
Community
Videos
Private Events
Remove Ads
Sign In
Join for FREE
Feedback
Dark Mode
Quiz Categories
Sports
Geography
Music
Movies
Television
Just For Fun
Miscellaneous
History
Literature
Language
Science
Gaming
Entertainment
Religion
Holiday
For Kids
Quiz Lab
Recent
Popular Today
Quiz Kudos Today
Editor Picks
Curator Picks
Quizzes by...
Day
Popularity
Type
Ratings
Length
Year
Community
Subscriptions
Recent Discussions
Orange Saloon
Badges
Playlists
Quests
Create
Leaderboards
Showdown
Live 5
Trivia Bingo
Activity
Puzzle Library
Sporcle Events
Private Events
Virtual Trivia
Globe League
Become a Host
Pub Owners
SporcleCon
Opinionation
Our Games
Videos
Blog
Mobile Apps
Partnerships
Remove Ads and Go Orange
Feedback
Sports
Athletes
MLB
NBA
NHL
NFL
Soccer
Sports Teams
WWE
NCAA
Football
Premier League
Basketball
Baseball
Hockey
Golf
Tennis
Cricket
Rugby
Auto Racing
Olympics
World Cup
Sports
Athletes
MLB
NBA
NHL
NFL
Soccer
Sports Teams
WWE
NCAA
Football
Premier League
Basketball
Baseball
Hockey
Golf
Tennis
Cricket
Rugby
Auto Racing
Olympics
World Cup
Random Quiz
Search Sporcle
×
Quiz Lab
Quiz Lab
Sports
season
Type in answers that appear in a list
Type in answers that appear in a list
Classic
Best Score? Go Orange.
Mets with 15 home runs Stats
Can you name the New York Mets players who have hit 15 or more home runs in a season while with the Mets?
By
Cowtipper
10m
129 Questions
647 Plays
647 Plays
647 Plays
Comments
Comments
Give Quiz Kudos
Give Quiz Kudos
-
- Ratings
hide this ad
Replay
Link that replays current quiz
Next Quiz
Link to next quiz in quiz playlist
You Got
0%
They Got
Avg Score
71%
Avg Friend Score
Upgrade to see
Score Distribution
Jump to the score distribution portion of the page
Score
0/129
Timer
10:00
0
Plays Today
Year
Player
% Correct
2005
David Wright
97.7%
2006
David Wright
97.7%
2007
David Wright
97.7%
2008
David Wright
97.7%
2010
David Wright
97.7%
1998
Mike Piazza
96.1%
1999
Mike Piazza
96.1%
2000
Mike Piazza
96.1%
2001
Mike Piazza
96.1%
2002
Mike Piazza
96.1%
2004
Mike Piazza
96.1%
2005
Mike Piazza
96.1%
1983
Darryl Strawberry
95.4%
1984
Darryl Strawberry
95.4%
1985
Darryl Strawberry
95.4%
1986
Darryl Strawberry
95.4%
1987
Darryl Strawberry
95.4%
1988
Darryl Strawberry
95.4%
1989
Darryl Strawberry
95.4%
1990
Darryl Strawberry
95.4%
2005
Carlos Beltran
94.1%
2006
Carlos Beltran
94.1%
2007
Carlos Beltran
94.1%
2008
Carlos Beltran
94.1%
2006
Carlos Delgado
91.8%
2007
Carlos Delgado
91.8%
2008
Carlos Delgado
91.8%
1984
Keith Hernandez
91.5%
1987
Keith Hernandez
91.5%
1985
Gary Carter
90.9%
1986
Gary Carter
90.9%
1987
Gary Carter
90.9%
2006
Jose Reyes
90%
2008
Jose Reyes
90%
1987
Howard Johnson
89.3%
1988
Howard Johnson
89.3%
1989
Howard Johnson
89.3%
1990
Howard Johnson
89.3%
1991
Howard Johnson
89.3%
1998
Edgardo Alfonzo
82.2%
1999
Edgardo Alfonzo
82.2%
2000
Edgardo Alfonzo
82.2%
2001
Edgardo Alfonzo
82.2%
Year
Player
% Correct
2002
Edgardo Alfonzo
82.2%
1999
Robin Ventura
82.1%
2000
Robin Ventura
82.1%
2001
Robin Ventura
82.1%
1994
Todd Hundley
81.5%
1995
Todd Hundley
81.5%
1996
Todd Hundley
81.5%
1997
Todd Hundley
81.5%
2010
Ike Davis
79.3%
1975
Dave Kingman
78.7%
1976
Dave Kingman
78.7%
1981
Dave Kingman
78.7%
1982
Dave Kingman
78.7%
1997
John Olerud
78.7%
1998
John Olerud
78.7%
1999
John Olerud
78.7%
1967
Tommy Davis
78.5%
1969
Tommie Agee
76%
1970
Tommie Agee
76%
1992
Bobby Bonilla
75.9%
1993
Bobby Bonilla
75.9%
1994
Bobby Bonilla
75.9%
1995
Bobby Bonilla
75.9%
1987
Kevin McReynolds
75%
1988
Kevin McReynolds
75%
1989
Kevin McReynolds
75%
1990
Kevin McReynolds
75%
1991
Kevin McReynolds
75%
2003
Cliff Floyd
71.6%
2004
Cliff Floyd
71.6%
2005
Cliff Floyd
71.6%
2000
Todd Zeile
70.8%
1973
Rusty Staub
69.2%
1974
Rusty Staub
69.2%
1975
Rusty Staub
69.2%
1983
George Foster
68.6%
1984
George Foster
68.6%
1985
George Foster
68.6%
1966
Ed Kranepool
66.2%
1996
Bernard Gilkey
65.2%
1997
Bernard Gilkey
65.2%
1962
Frank Thomas
63.2%
1963
Frank Thomas
63.1%
Year
Player
% Correct
2000
Benny Agbayani
62.9%
2002
Mo Vaughn
62.6%
1978
Lee Mazzilli
61.1%
1979
Lee Mazzilli
61.1%
1980
Lee Mazzilli
61.1%
1993
Jeff Kent
60.1%
1995
Jeff Kent
60.1%
2000
Jay Payton
59%
2006
Jose Valentin
57.8%
2004
Mike Cameron
57.7%
1970
Donn Clendenon
56.9%
1992
Eddie Murray
56.9%
1993
Eddie Murray
56.9%
1965
Ron Swoboda
56.4%
2002
Jeromy Burnitz
54.9%
2003
Jeromy Burnitz
54.9%
2000
Derek Bell
53.8%
1978
John Stearns
52.4%
1984
Hubie Brooks
52.4%
1991
Hubie Brooks
52.4%
1996
Butch Huskey
50.4%
1997
Butch Huskey
50.4%
1990
Gregg Jefferies
48.8%
1995
Rico Brogna
48.8%
1972
John Milner
48.5%
1973
John Milner
48.5%
1974
John Milner
48.5%
1976
John Milner
48.5%
1973
Wayne Garrett
44.4%
1964
Charley Smith
42.3%
1965
Charley Smith
42.3%
1979
Joel Youngblood
40.5%
1998
Brian McRae
37.1%
2004
Richard Hidalgo
35.4%
1978
Willie Montanez
35.2%
1968
Ed Charles
34%
1994
Ryan Thompson
33.1%
1963
Jim Hickman
32.1%
1965
Jim Hickman
32.1%
1962
Marv Throneberry
28.4%
1964
Joe Christopher
19.8%
2003
Tony Clark
19%
1965
Johnny Lewis
13.1%
Quiz Playlist
Details
Report
Send in Message
Add To Playlist
Classic:
Type in answers that appear in a list
Last Updated: Feb 16, 2017
Quiz Scoreboard
CHALLENGE
Sign Up to Join the Scoreboard
Show All
Scores
Hide
Comments
May contain spoilers
Recently Published
Colored Red Africa Blitz
by spor1
Geography
30s
Find the 'City' Movie
by crazypaving
Movies
60s
5x2 Blitz: Bands
by SL_Kpop136
Music
30s
More to Explore
Quiz From the Vault
Featured Blog Post
14 Easter Pick-up Lines to Find Eggs With
hide this ad
You Might Also Like...
Tags
hit
home
met
New York
Player
run
season
Today's Top Quizzes in Sports
Browse Sports
hide this ad
Today's Top Quizzes in season
Browse season
Top Contributed Quizzes in Sports
1
Players with Multiple 50 Home Run Seasons
2
Les entraîneurs de l'OM et du PSG au 21e siècle
3
Criteria MLB: Left Handed Sluggers
4
2022 World Cup Stars
5
Les meilleurs buteurs des matchs entre le PSG et l’OM
6
Who Hit More Homers?
7
Les joueurs passés par le PSG et l'OM
8
NBA Logic Puzzle 2.0
9
Top 10 NHL Goal Scorers of All Time
10
MLB Players with Two .350 Batting Average Seasons
Explore More
Trending Topics
Disney
Harry Potter
Crossword
Anime
Marvel
NBA
Kpop
Soccer
WWE
The Office
Song
Country
Puzzle
NFL
Pokémon
hide this ad
More By:
Cowtipper
Quiz
Plays
Rating
Category
Featured
Created
200 home runs in the 1990s
1,984
4.50
Sports
Aug 25, 2011
Mets With 50 RBI
1,175
4.57
Sports
Mar 29, 2011
Vice Presidents' Wives (Second Ladies)
890
3.67
History
Mar 25, 2011
Mets 10 game winners
737
4.50
Sports
Mar 25, 2011
200 home runs in the 2000s
703
4.88
Sports
Jul 21, 2011
Go to Creator's Profile
Score Distribution
Quiz Creator Spotlight
Cowtipper
Follow
Send a Message
Quizzes Created
-
Created Quiz Play Count
-
More By This Creator
Popular Quizzes Today
1
Find the 'City' Movie
2
Colored Red Africa Blitz
3
Find the US States - No Outlines Minefield
4
5x2 Blitz: Bands
5
The Countries of the World
6
Find the US States
7
US States
8
9x9 Crossword: Cartoon Network
More Sports Quizzes
1995 European Champions - Ajax
Curator's Pick
Trending Quizzes
Colored Red Europe Blitz I
Colored Red Europe Blitz II
Colored Red Africa Blitz II
Colored Red Africa Blitz III
Colored Red Europe Blitz III
Recently Updated
2024 March Madness Bracket
pecheneg
Famous TV Couples
Peacemaker
Champions League XIs: Real Madrid
pecheneg
Largest US Cities 1790-2010
pecheneg
Rides in Walt Disney World
pecheneg
Most Oscar Losses (Acting)
pecheneg
Beyoncé Albums
pecheneg
Leaping Animals
pecheneg
Reality TV Shows (A-Z)
bhenderson79
Rickey Henderson's Hall of Fame Teammates
pecheneg
Trending Topics
Disney
Harry Potter
Crossword
Anime
Marvel
Kpop
NBA
Song
The Office
Soccer
WWE
NFL
Puzzle
Country
Pokémon
Your Account Isn't Verified!
In order to create a playlist on Sporcle, you need to verify the email address you used during registration. Go to your
Sporcle Settings
to finish the process.
Report this User
Report this user for behavior that violates our
Community Guidelines
.
Details:
Send Report
Go to the Sporcle.com Mobile Site →
Comments